Building Economist (Record no. 118691)

MARC details
000 -LEADER
fixed length control field 00725cas a22002535a 4500
001 - CONTROL NUMBER
control field ##L99329
008 - FIXED-LENGTH DATA ELEMENTS--GENERAL INFORMATION
fixed length control field 070703c1962 at qr p 0 a0eng
022 0# - INTERNATIONAL STANDARD SERIAL NUMBER
International Standard Serial Number 0007-3431
035 ## - SYSTEM CONTROL NUMBER
System control number (Sirsi) u99329
041 0# - LANGUAGE CODE
Language code of text/sound track or separate title eng
110 2# - MAIN ENTRY--CORPORATE NAME
Corporate name or jurisdiction name as entry element Australian Institute of Quantity Surveyors
9 (RLIN) 2261
240 10 - UNIFORM TITLE
Uniform title Building Economist
245 00 - TITLE STATEMENT
Title Building Economist
260 3# - PUBLICATION, DISTRIBUTION, ETC.
Place of publication, distribution, etc. Deakin
Name of publisher, distributor, etc. Australian Institute of Quantity Surveyors
Date of publication, distribution, etc. 1962-
362 ## - DATES OF PUBLICATION AND/OR SEQUENTIAL DESIGNATION
Dates of publication and/or sequential designation 1(1) March 1962-
500 ## - GENERAL NOTE
General note Subscription ceased
500 ## - GENERAL NOTE
General note Most recent issue September 2019
510 2# - CITATION/REFERENCES NOTE
Name of source Knowledge Alert
Location within source 2006-
651 #4 - SUBJECT ADDED ENTRY--GEOGRAPHIC NAME
Geographic name Australia
690 ## - LOCAL SUBJECT ADDED ENTRY--TOPICAL TERM (OCLC, RLIN)
Topical term or geographic name as entry element Quantity surveying
9 (RLIN) 6263
780 00 - PRECEDING ENTRY
Title Quantity Surveyor
942 ## - ADDED ENTRY ELEMENTS (KOHA)
Suppress in OPAC 0
Source of classification or shelving scheme Dewey Decimal Classification
948 ## - LOCAL PROCESSING INFORMATION (OCLC); SERIES PART DESIGNATOR (RLIN)
c (OCLC) 02/04/1998
Holdings
Withdrawn status Lost status Source of classification or shelving scheme Damaged status Not for loan Home library Current library Shelving location Date acquired Total Checkouts Full call number Barcode Date last seen Price effective from Koha item type
    Dewey Decimal Classification     London London Gallery 28/07/2004   BUILDING ECONOMIST 99329-1001 06/08/2019 06/08/2019 Journal